Všechny epizody seriálu Hospoda - Statistics

General Stats
  • This quiz has been taken 55 times
  • The average score is 36 of 52
Answer Stats
Číslo epizody Název dílu % Correct
14. Hazard
100%
2. Kuchař
94%
10. Záloha na palmáre
94%
22. Fotbal
88%
9. Hra
88%
26. Pes
88%
18. Zájezd
88%
19. Bezdomovec
81%
11. Fór
81%
16. Reklama
81%
26. Schůze
81%
25. Veselka
81%
9. Vetřelci
81%
23. Vynálezce
81%
11. Záškoláci
81%
24. Bomba
75%
16. Dědci
75%
5. Forbes
75%
13. Růžička
75%
8. Šejdrista
75%
1. Svačinka
75%
1. Závěť
75%
22. Den poté
69%
3. Flamendr
69%
4. Nález
69%
14. Obránci
69%
17. Šťastné a veselé
69%
19. Strýček
69%
6. Záskok
69%
8. Zloděj
69%
15. Asketa
63%
17. Bludičky
63%
7. Koncert
63%
7. Láska je láska
63%
2. Nekuřácký den
63%
20. Stávka
63%
18. Učedník
63%
23. Výletník
63%
25. Dlužník
56%
24. Kukátko
56%
12. Píchačky
56%
13. Randevú
56%
15. Šprýmař
56%
5. Léčitel
50%
12. Oslavenec
50%
21. Prvorodič
50%
10. Umělec
50%
6. Casanova
44%
20. Kalamita
44%
4. Úraz
44%
3. Věštba
44%
21. Klientka
38%
No matching quizzes found
Score Distribution
Percent of People with Each Score
Percentile by Number Answered
Your Score History
You have not taken this quiz